000 00536nab a2200157Ia 4500
003 ES-SlBCS
005 20210811153422.0
008 140529s2013 xxu||||| |||| 00| 0 por d
041 _apor
100 1 _aFranco de Oliveira, Thabata
_9213890
245 0 0 _aEducaçao, verdade e valor: diálogo com Nietzsche
_c Thabata Franco De Oliveira, Vera Teresa Valdemarin
650 0 4 _aVerdad
_985938
700 1 _aValdemarin, Vera Teresa
_9213891
773 0 _tEducaçao e Filosofia
_gvol. 27, nº. 53, 2013, págs. 137-160
_wRev1534
942 _cAR
999 _c607486
_d607486